000 00818aam a2200241 i 4500
001 BINCO
003 CO-MdBIC
005 20220422174610.0
008 220215t1986 -usa|||c |||| 00| 0 eng d
020 _aNo incluye ISBN
040 _aCO-MdBIC
_bspa
_cCO-MdBIC
_dCO-MdBIC
041 _aeng
082 0 4 _a813C
_222
_bSa67s
100 1 _aSapienza, Marilyn J.
245 0 _aStone Soup
_c/Marilyn Sapienza ; Hans Wilhelm ilustrador
260 1 _aOhio, New York :
_bNewfield Publications,
_c[1986]
264 4 _c© 1986
300 _a34 páginas ;
_bilustraciones a color y blanco y negro :
_c23 cm.
500 _aTwo hungry travelers use a stone as a soup starter and demonstrate the benefits of sharing. Includes a recipe for soup.
650 7 _9106
_aAmistad
700 _aWilhelm, Hans.
_eilustrador
942 _cLGB
999 _c48119
_d48119